000 01064nam a22002897a 4500
999 _c65949
_d65949
005 20240530110851.0
008 200912s2019 ua a f b 000 0dara d
017 _a2019/7427
_bمصر. دار الكتب
020 _a9789779215709
040 _aEG-CaGPL
_cEG-CaGPL
082 0 4 _221
_a371.35\
_bم ص
100 1 _aموجلان ، بيير
245 1 2 _aالصناعات التعليمية /
_cتاليف بيير موجلان ؛ ترجمة ايمان حجاج
250 _aط.1
260 _aالقاهرة :
_bالمركز القومى للترجمة ،
_c2019
300 _a139 ص. ؛
_c24 سم.
490 0 _aالمركز القومى للترجمة ؛
_v3185
504 _aيشتمل على ارجاعات ببليوجرافية
650 0 7 _aالتخطيط التربوى
_2qrmak
650 0 7 _aالتدريس
650 0 7 _aالتعليم عن بعد
650 0 7 _aالكتب التعليمية
651 _2qrmak
700 0 _aايمان حجاج
_eمترجم
942 _2ddc
_cBK